000 006130000a22002050004500
999 _c48717
_d48717
001 1557
003 CO-MdFUSB
005 20170719160934.0
008 170719b xxu||||| |||| 00| 0 eng d
020 _a958-30-0431-6
040 _cCO-MdBIC
082 0 4 _a863C An226c
100 1 _aAndersen, Hans Christian
245 1 0 _aCuentos / Hans Christian Andersen ; ilustrado por Jorge Alberto Avila ; traducción deBirgitte Bonning
250 _aEdición René Hernández Vera
260 _aSantafé de Bogotá : Panamericana editorial
300 _a184 P.
650 1 4 _aCuentos infantiles daneses
942 _cLGB